000 01190nam a2200265 i 4500
001 164297
003 ES-MaACL
005 20231223063112.0
008 990922s1839 fr |||| | fre d
100 1 _aLa Sagra, Ramón de,
_d1798-1871
_9101445
245 1 0 _aVoyage en Hollande et en Belgique
_b: sous le rapport de l'instruction primaire, des établissements de bienfaisance et des prisions, dans les deux pays /
_cpar Ramon de la Sagra.
260 _aParis :
_bArthus Bertrand,
_c1839 (
_fMme Huzard)
300 _a2 t. en 1 v. ;
_c21 cm.
505 8 _aContiene: I ;
_tHollande ([4], 366 p.) - II ;
_tBelgique ([4], 362 p.)
530 _aDisponible en formato digital.
650 4 _aEnseñanza-
_zBélgica.
_9151757
650 4 _aEnseñanza-
_zHolanda.
_9163744
650 4 _aBeneficencia-
_zBélgica.
_9167546
650 4 _aBeneficencia-
_zHolanda.
_9167547
650 4 _aEstablecimientos penitenciarios-
_zBélgica.
_9143325
650 4 _aEstablecimientos penitenciarios-
_zPaíses Bajos.
_9165560
852 _aES-MaACL
_jG-12784
_z- Enc. hol.
856 _uhttp://bdh-rd.bne.es/viewer.vm?id=0000010864&page=1
_zBiblioteca Digital Hispánica
999 _c164297
_d164297